[Event "Manila ol (Women)"]
[Site "Manila"]
[Date "1992.??.??"]
[Round "?"]
[White "De Vries, Sylvia"]
[Black "Agababian, Naira"]
[Result "1-0"]
[WhiteElo "2180"]
[BlackElo "2125"]

1.d4 Nf6 2.c4 d6 3.Nc3 g6 4.e4 Bg7 5.Nf3 O-O 6.Be2 e5 7.O-O Nc6 8.d5 Ne7
9.b4 Ne8 10.c5 f5 11.Ng5 Nf6 12.f3 h6 13.Ne6 Bxe6 14.dxe6 d5 15.exd5 Nfxd5
16.Nxd5 Nxd5 17.Bc4 c6 18.e7 Qxe7 19.Bxd5+ cxd5 20.Qxd5+ Kh7 21.Bb2 Rad8
22.Qc4 e4 23.Bxg7 Qxg7 24.fxe4 Rd4 25.Qb3 Rxe4 26.Rad1 Rfe8 27.b5 R4e7 28.Qa3 Qe5
29.Qxa7 Qe3+ 30.Kh1 Qe2 31.Qa4 Rd8 32.h3 Rd2 33.Rxd2 Qxf1+ 34.Kh2 h5 35.Rd1 Qf2
36.Qd4 Qxa2 37.c6 bxc6 38.bxc6 Re2 39.Qf4 Re7 40.c7 Qc2 41.Rc1  1-0

[Event "Manila ol (Women)"]
[Site "Manila"]
[Date "1992.??.??"]
[Round "?"]
[White "Csonkics, Tunde"]
[Black "Yermolinskaya, M."]
[Result "1-0"]
[WhiteElo "2345"]
[BlackElo "2205"]

1.d4 d6 2.Nf3 Nf6 3.c4 g6 4.Nc3 Bg7 5.e4 O-O 6.Be2 e5 7.O-O Nc6 8.Be3 a5
9.d5 Ne7 10.c5 Ng4 11.cxd6 cxd6 12.Bg5 f5 13.Nd2 h6 14.Bxe7 Qxe7 15.exf5 gxf5
16.Bxg4 fxg4 17.Nde4 Rf4 18.g3 Rf7 19.Nb5 Ra6 20.Rc1 Bd7 21.Rc7 Rb6 22.a4 Qd8
23.Qc2 Qf8 24.Rc1 Bf5 25.Rxf7 Qxf7 26.Nbxd6 Bxe4 27.Qc8+ Qf8 28.Nxe4 Qxc8
29.Rxc8+ Kf7 30.Rc7+ Kg6 31.d6 Bf6 32.d7 Be7 33.Rc8 Kf5 34.Nc5 Rd6 35.Nxb7 Rxd7
36.Nxa5 Rd2 37.Nc4 Rd4 38.Ne3+ Ke6 39.Rc6+ Kf7 40.a5 h5 41.Kg2 Ra4 42.a6 h4
43.gxh4 Bxh4 44.Nc4  1-0

[Event "Manila ol (Women)"]
[Site "Manila"]
[Date "1992.??.??"]
[Round "?"]
[White "Csonkics, Tunde"]
[Black "Wang Pin"]
[Result "1/2-1/2"]
[WhiteElo "2345"]
[BlackElo "2345"]

1.d4 Nf6 2.c4 g6 3.Nc3 Bg7 4.e4 d6 5.Be2 O-O 6.Nf3 e5 7.O-O Nc6 8.Be3 Ng4
9.Bg5 f6 10.Bc1 f5 11.Bg5 Qe8 12.dxe5 dxe5 13.h3 Nf6 14.Bxf6 Bxf6 15.Nd5 Qf7
16.c5 Be6 17.Nxf6+ Qxf6 18.Qa4 Kh8 19.exf5 gxf5 20.Rad1 Rg8 21.Kh1 Rg7 22.b3 Rag8
23.Rg1 f4 24.Bc4 Bxc4 25.Qxc4 Qf5 26.Qe2 e4 27.Nh2 Nd4 28.Rxd4 f3 29.Qxe4 fxg2+
30.Rxg2 Rxg2 31.Ng4 Qxe4 32.Rxe4 R8xg4 33.hxg4 Rxf2 34.Re7 Rxa2 35.Rxc7 Ra5
36.Rxb7 Rxc5 37.Rxa7 Rb5 38.Kg2 Rxb3  1/2-1/2

[Event "Manila ol (Women)"]
[Site "Manila"]
[Date "1992.??.??"]
[Round "?"]
[White "Baumann, Claude"]
[Black "Repkova Eid, Eva"]
[Result "0-1"]
[WhiteElo "2085"]
[BlackElo "2185"]

1.d4 Nf6 2.c4 g6 3.Nc3 Bg7 4.e4 d6 5.Nf3 O-O 6.Be2 e5 7.O-O Nc6 8.d5 Ne7
9.b4 Nh5 10.Nd2 Nf4 11.Nb3 Nxe2+ 12.Qxe2 f5 13.c5 f4 14.f3 g5 15.Ba3 Ng6
16.Rac1 h5 17.cxd6 cxd6 18.Rc2 g4 19.Nb5 gxf3 20.gxf3 Bh3 21.Rfc1 Nh4 22.Kf2 Qb6+
23.Ke1 Bg2 24.Rc3 Bxf3 25.Rxf3 Nxf3+ 26.Kd1 Rac8 27.Qxf3 Qxb5 28.Nd2 Qb6
29.Rxc8 Rxc8 30.Qh3 Qg1+ 31.Ke2 Qg4+ 32.Qf3 Rc3 33.Qxg4 hxg4  0-1

[Event "Manila ol (Women)"]
[Site "Manila"]
[Date "1992.??.??"]
[Round "?"]
[White "Akhmilovskaya, Elena"]
[Black "Peng, Zhaoqin"]
[Result "0-1"]
[WhiteElo "2405"]
[BlackElo "2370"]

1.d4 Nf6 2.c4 g6 3.Nc3 Bg7 4.e4 d6 5.Nf3 O-O 6.Be2 e5 7.O-O Nc6 8.d5 Ne7
9.Bg5 h6 10.Bxf6 Bxf6 11.b4 Kg7 12.c5 Ng8 13.Nd2 Be7 14.cxd6 cxd6 15.Rc1 Bd7
16.a4 Bg5 17.Rc2 Qb6 18.Qb1 Bxd2 19.Rxd2 Rfc8 20.a5 Qd8 21.Nd1 Qg5 22.Ne3 Nf6
23.g3 Bh3 24.f4 exf4 25.Rxf4 Rc3 26.Rd3 Rac8 27.Qe1 Qe5 28.Rxc3 Rxc3 29.Bf1 Bxf1
30.Nxf1 Nxd5 31.Qd2 Nxb4 32.Qf2 Rc7 33.Qxa7 Nd3 34.Rf3 Nc5 35.Re3 Ne6 36.Qb6 Rc2
37.Qxb7 Qf6  0-1

[Event "Manila ol (Men)"]
[Site "Manila"]
[Date "1992.??.??"]
[Round "?"]
[White "Hertneck, Gerald"]
[Black "Piket, Jeroen"]
[Result "0-1"]
[WhiteElo "2530"]
[BlackElo "2615"]

1.d4 Nf6 2.c4 g6 3.Nc3 Bg7 4.e4 d6 5.Nf3 O-O 6.Be2 e5 7.O-O Nc6 8.d5 Ne7
9.Nd2 a5 10.a3 Nd7 11.Rb1 f5 12.b4 Kh8 13.f3 Ng8 14.Qc2 Ngf6 15.Bd3 f4 16.Nb5 b6
17.Bb2 Ne8 18.Be2 h5 19.Bc3 a4 20.c5 bxc5 21.Nc4 g5 22.h3 cxb4 23.axb4 Nb6
24.Nxb6 cxb6 25.Ra1 Bd7 26.Ra3 Rf6 27.Be1 Rg6 28.Bf2 Kg8 29.Rfa1 g4 30.fxg4 hxg4
31.hxg4 Qg5 32.Rxa4 Rxa4 33.Rxa4 Bxg4 34.Kf1 Bd7 35.Ke1 Rh6 36.Bf3 Bxb5 37.Ra7 Rh1+
38.Kd2 Rf1 39.Bxb6 Qg3  0-1

[Event "Manila ol (Men)"]
[Site "Manila"]
[Date "1992.??.??"]
[Round "?"]
[White "Hjartarson, Johann"]
[Black "Yurtaev, Leonid"]
[Result "1-0"]
[WhiteElo "2580"]
[BlackElo "2515"]

1.c4 Nf6 2.Nc3 g6 3.e4 d6 4.d4 Bg7 5.Nf3 O-O 6.Be2 e5 7.O-O Nc6 8.d5 Ne7
9.b4 Nh5 10.g3 f5 11.Ng5 Nf6 12.f3 a5 13.bxa5 Rxa5 14.Qb3 b6 15.Bd2 Re8 16.Bd3 Bd7
17.a4 f4 18.Nb5 Bh6 19.gxf4 exf4 20.Bxa5 bxa5 21.Ne6 Bxe6 22.dxe6 Bg7 23.c5 d5
24.Rad1 Qb8 25.Qc2 Nc6 26.exd5 Nb4 27.Qb3 Nfxd5 28.Be4 Nf6 29.e7+ Kh8 30.Qe6 Ng8
31.Rd7 Bf6 32.Rfd1 Rxe7 33.Rxe7 Bxe7 34.Qe5+ Bf6 35.Qxc7 Qf8 36.Rd7 Be7 37.c6 Qf6
38.Rd1 Qb2 39.Qd7 Bc5+ 40.Kh1 Nf6 41.Qf7  1-0

[Event "Manila ol (Men)"]
[Site "Manila"]
[Date "1992.??.??"]
[Round "?"]
[White "Lputian, Smbat G"]
[Black "Veingold, Aleksandr"]
[Result "1-0"]
[WhiteElo "2560"]
[BlackElo "2465"]

1.d4 Nf6 2.c4 g6 3.Nc3 Bg7 4.e4 d6 5.Nf3 O-O 6.Be2 e5 7.O-O Nc6 8.d5 Ne7
9.Nd2 a5 10.Rb1 c6 11.a3 Qc7 12.b3 Bd7 13.Bb2 c5 14.Nb5 Bxb5 15.cxb5 Nc8
16.a4 Nb6 17.Kh1 Qe7 18.Bc3 Bh6 19.Bd3 Nbd7 20.Nc4 b6 21.g3 Nh5 22.Qc2 f6
23.Rbe1 Rf7 24.Be2 Ng7 25.f4 Rb8 26.Bg4 Nf8 27.Qg2 Ne8 28.Qh3 Bg7 29.fxe5 dxe5
30.Be6 Nxe6 31.dxe6 Rf8 32.Rd1 Nc7 33.Rd6 Rfd8 34.Rc6 Rd3 35.Bxe5 fxe5 36.Rf2 Rd4
37.Kg2 Qg5 38.Re2 Bh6 39.Qh4 Qc1  1-0

[Event "Manila ol (Men)"]
[Site "Manila"]
[Date "1992.??.??"]
[Round "?"]
[White "Lutz, Christopher"]
[Black "Van Wely, Loek"]
[Result "0-1"]
[WhiteElo "2540"]
[BlackElo "2560"]

1.d4 Nf6 2.c4 g6 3.Nc3 Bg7 4.e4 d6 5.Nf3 O-O 6.Be2 e5 7.O-O Nc6 8.d5 Ne7
9.Ne1 Nd7 10.Bd2 f5 11.Rc1 Kh8 12.Nd3 Nf6 13.f3 c5 14.Rb1 f4 15.b4 b6 16.bxc5 bxc5
17.g3 g5 18.g4 h5 19.h3 Rf7 20.Nf2 Bf8 21.Qa4 hxg4 22.hxg4 Ng6 23.Rb2 Bd7
24.Qa6 Bc8 25.Qa3 Rh7 26.Rfb1 Bd7 27.Rb7 Qe7 28.Bf1 Rh4 29.Bh3 Qh7 30.Kh2 Be7
31.Rb8+ Rxb8 32.Rxb8+ Kg7 33.Ne2 Rxh3+ 34.Nxh3 Nh4 35.Rb7 Nxg4+ 36.Kg1 Nf6
37.Kf2 g4 38.Ng5 Qh5 39.Ne6+ Bxe6 40.dxe6 g3+ 41.Kf1 Nxf3 42.Rxe7+ Kg6 43.Nxf4+ exf4
44.Rg7+ Kxg7 45.Qxa7+ Kg8 46.Qf7+ Qxf7 47.exf7+ Kxf7 48.Bxf4 Ne5 49.Bxg3 Nxe4  0-1

[Event "Manila ol (Men)"]
[Site "Manila"]
[Date "1992.??.??"]
[Round "?"]
[White "Pergericht, Daniel"]
[Black "Reyes, Juan"]
[Result "0-1"]
[WhiteElo "2295"]
[BlackElo "2415"]

1.d4 Nf6 2.c4 g6 3.Nc3 Bg7 4.e4 d6 5.Nf3 O-O 6.Be2 e5 7.O-O Nc6 8.Be3 Ng4
9.Bg5 f6 10.Bc1 f5 11.Bg5 Qe8 12.exf5 Bxf5 13.d5 Nb8 14.c5 h6 15.Bc1 Qe7
16.cxd6 cxd6 17.Nd2 Nf6 18.Nc4 Na6 19.Be3 Nc7 20.g4 Bc8 21.a3 Kh8 22.f3 b5
23.Na5 Qf7 24.Nxb5 Nxb5 25.Bxb5 Nxd5 26.Bd2 Be6 27.Nc4 Qb7 28.Ba4 Nf4 29.Rc1 d5
30.Na5 Qxb2 31.Nc6 Qb6+ 32.Kh1 Nd3 33.Qe2 Nxc1 34.Rxc1 Qb2 35.Bc2 e4 36.fxe4 Rac8
37.Nb4 a5 38.Nd3 Qa2 39.Nf4 Rxc2 40.Rxc2 Qxc2 41.Nxe6 Rb8  0-1

[Event "Manila ol (Men)"]
[Site "Manila"]
[Date "1992.??.??"]
[Round "?"]
[White "Pinter, Jozsef"]
[Black "Georgiev, Krum"]
[Result "1/2-1/2"]
[WhiteElo "2580"]
[BlackElo "2505"]

1.d4 Nf6 2.c4 g6 3.Nc3 Bg7 4.e4 d6 5.Be2 O-O 6.Nf3 e5 7.O-O Nc6 8.d5 Ne7
9.Nd2 a5 10.Rb1 Bd7 11.a3 a4 12.b4 axb3 13.Nxb3 Ba4 14.Qc2 Qe8 15.Bd2 Nc8
16.Nxa4 Qxa4 17.Bb4 Nb6 18.Qd3 Nbd7 19.Rfc1 Bh6 20.Re1 Rfd8 21.Bd1 Qa6 22.Bc2 Bf8
23.Qe2 c6 24.Bd3 Qb6 25.Qd2 Rdc8 26.Bf1 Ra4 27.dxc6 bxc6 28.Bxd6 Bxd6 29.Qxd6 Qc7
30.c5 Nxe4 31.Qd3 Ndxc5 32.Nxc5 Nxc5 33.Qe3 Ne6 34.Qxe5 Qxe5 35.Rxe5 Rca8
36.g3 Nd4 37.Re7 R8a7 38.Rxa7 Rxa7 39.Rd1  1/2-1/2

[Event "Manila ol (Men)"]
[Site "Manila"]
[Date "1992.??.??"]
[Round "?"]
[White "Kortschnoj, Viktor"]
[Black "Yurtaev, Leonid"]
[Result "1/2-1/2"]
[WhiteElo "2585"]
[BlackElo "2515"]

1.d4 Nf6 2.c4 g6 3.Nc3 Bg7 4.e4 d6 5.Be2 O-O 6.Nf3 e5 7.O-O Nc6 8.d5 Ne7
9.Ne1 Nd7 10.Be3 f5 11.f3 h6 12.Nd3 b6 13.b4 g5 14.c5 Nf6 15.cxd6 cxd6 16.b5 Ng6
17.Nb4 Nf4 18.Bxf4 exf4 19.Nc6 Qe8 20.Rc1 fxe4 21.Nxe4 Nxe4 22.fxe4 Qxe4
23.Re1 Qe3+ 24.Kh1 Re8 25.Bh5 Qxe1+ 26.Qxe1 Rxe1+ 27.Rxe1 Be5 28.Nxe5 dxe5
29.Rxe5 Bd7 30.d6 Rd8 31.a4 Kg7 32.Re7+ Kf6 33.h3 Be6 34.Rxa7 Rxd6 35.a5 bxa5
36.Rxa5 Bc4 37.Bf3 Ke6 38.Kg1 Rb6 39.Bc6 Kd6 40.Kf2 h5 41.Kf3 Ke5 42.Be8 g4+
43.hxg4 Bd5+ 44.Kf2 hxg4 45.g3 f3 46.Bc6  1/2-1/2

[Event "Manila ol (Men)"]
[Site "Manila"]
[Date "1992.??.??"]
[Round "?"]
[White "Atalik, Suat"]
[Black "Garcia, Raul"]
[Result "1-0"]
[WhiteElo "2455"]
[BlackElo "2270"]

1.d4 Nf6 2.c4 g6 3.Nc3 Bg7 4.e4 d6 5.Be2 O-O 6.Nf3 e5 7.O-O Nc6 8.d5 Ne7
9.a4 a5 10.Ne1 Nd7 11.Nd3 f5 12.f3 f4 13.b3 c5 14.dxc6 bxc6 15.Ba3 Qb6+ 16.c5 dxc5
17.Nb2 Rf6 18.Bc4+ Kh8 19.Rf2 Bf8 20.Rd2 Qc7 21.Qe2 Ng8 22.Qf2 Be7 23.Rad1 Nf8
24.Bxc5 Bxc5 25.Qxc5 Qa7 26.Qxa7 Rxa7 27.Rd8 Be6 28.Rxf8 Rxf8 29.Bxe6 Kg7
30.Nc4 Rb8 31.Nxe5  1-0

[Event "Manila ol (Men)"]
[Site "Manila"]
[Date "1992.??.??"]
[Round "?"]
[White "Veingold, Aleksandr"]
[Black "Djurhuus, Rune"]
[Result "1/2-1/2"]
[WhiteElo "2465"]
[BlackElo "2420"]

1.d4 Nf6 2.Nf3 g6 3.c4 Bg7 4.Nc3 d6 5.e4 O-O 6.Be2 e5 7.O-O Nc6 8.d5 Ne7
9.b4 Nh5 10.c5 h6 11.Nd2 Nf4 12.Nc4 f5 13.Nb5 dxc5 14.Nxc7 Qxc7 15.d6 Qd7
16.dxe7 Qxe7 17.bxc5 fxe4 18.Nd6 Bf5 19.Rb1 Rab8 20.Rb3 Be6 21.Ra3 b6 22.Nxe4 bxc5
23.Be3 Rfd8 24.Qc2 Bd5 25.Bc4 Ne6 26.Bxd5 Rxd5 27.Nc3 Rd6 28.Qxg6 Nd4 29.Qe4 Qb7
30.Qxb7 Rxb7 31.Ne4 Rc6 32.h4 c4 33.Kh2 Nb5 34.Ra5 c3 35.Rb1 Nd6 36.Rxb7 Nxb7
37.Rb5 Nd6 38.Rb8+ Kh7 39.Nxd6 Rxd6 40.Rc8 e4 41.Rc7 h5 42.Bc5 Rd8 43.Bxa7 Kg6
44.g3 Rd2 45.a4 Ra2 46.Rc4 Kf5 47.Be3 Be5 48.Kh3 Ra1 49.Bb6 Ke6 50.a5 Kd5
51.Rc5+ Kd6 52.Rc8 Kd5 53.g4 e3 54.Bxe3 hxg4+ 55.Kxg4 Rxa5 56.f4 Bf6 57.Kf5 Bxh4
58.Rxc3 Kd6+ 59.Kg6 Kd5 60.Kf5 Kd6+ 61.Kg4 Bf6 62.Rb3 Ke7 63.Rb7+ Ke8 64.Bd2 Rd5
65.Bb4 Rd7 66.Rb5 Kf7 67.Kf5  1/2-1/2

[Event "Manila ol (Men)"]
[Site "Manila"]
[Date "1992.??.??"]
[Round "?"]
[White "Kamuhangire, Silver"]
[Black "Garmendez, Florentino"]
[Result "0-1"]
[WhiteElo "2215"]
[BlackElo "2325"]

1.d4 Nf6 2.c4 g6 3.Nc3 Bg7 4.e4 d6 5.Nf3 Nc6 6.Be2 O-O 7.O-O e5 8.Be3 Ng4
9.Bg5 f6 10.Bc1 exd4 11.Nxd4 Nxd4 12.Qxd4 f5 13.Qd5+ Kh8 14.Bxg4 c6 15.Qd3 fxg4
16.Be3 Be5 17.Bd4 Qe7 18.Rad1 Kg8 19.Bxe5 dxe5 20.Qe3 Be6 21.b3 h5 22.Rd2 h4
23.Na4 b6 24.Qc3 Qg5 25.Rd6 Rf6 26.Nb2 Raf8 27.Rd3 g3 28.hxg3 h3 29.Nd1 hxg2
30.Kxg2 Qh5 31.Rh1 Qe2 32.Rf1 Bh3+ 33.Kxh3 Qxf1+ 34.Kg4 Qe2+ 35.f3 Rxf3 36.Rxf3 Qxe4+
37.Kh3 Rxf3 38.Qd2 Qf5+ 39.Kg2 Rd3 40.Qe2 e4 41.Ne3 Qf3+ 42.Qxf3 exf3+ 43.Kxf3 Rd2
44.a3 Rd3  0-1

[Event "Manila ol (Men)"]
[Site "Manila"]
[Date "1992.??.??"]
[Round "?"]
[White "Ipek, Ali"]
[Black "Solomon, Stephen J"]
[Result "1/2-1/2"]
[WhiteElo "2255"]
[BlackElo "2445"]

1.d4 Nf6 2.Nf3 g6 3.c4 Bg7 4.Nc3 O-O 5.e4 d6 6.Be2 e5 7.O-O Nc6 8.d5 Ne7
9.Ne1 Nd7 10.Nd3 f5 11.f3 c5 12.dxc6 Nxc6 13.Be3 Nf6 14.g4 Nd4 15.gxf5 gxf5
16.Kh1 Kh8 17.Rg1 f4 18.Bf2 Nh5 19.Nd5 Be6 20.Rc1 b6 21.N3b4 a5 22.Nc2 Rg8
23.Nxd4 exd4 24.Qe1 Ra7 25.Bh4 Qf8 26.Nxb6 Be5 27.Rxg8+ Kxg8 28.Qf2 Ng3+
29.hxg3 fxg3 30.Rg1 Qh6 31.Rxg3+ Kh8 32.Rg2 Rb7 33.f4 Bf6 34.Rh2 Rxb6 35.Bg3 Qg7
36.Bd3 Bg8 37.b3 a4 38.Bc2 axb3 39.axb3 d3 40.Bxd3 Rxb3 41.e5 Rxd3 42.exf6 Qxg3
43.Qxg3 Rxg3 44.Rd2 Rc3 45.Rxd6 Rxc4 46.Kg2 Rxf4 47.Kg3 Rf1 48.Kg4 h6 49.f7 Bxf7
50.Rxh6+ Kg7 51.Rb6 Kf8 52.Rb7 Rf6 53.Kg5 Kg7 54.Rc7 Ra6 55.Rc5 Rd6 56.Ra5 Kf8
57.Ra7 Be8 58.Kf5 Bd7+ 59.Ke5 Ke7 60.Rb7 Ra6 61.Rc7 Ra5+ 62.Kd4 Kd6 63.Rb7 Ra4+
64.Ke3 Be6 65.Rb5 Bd5 66.Rb8 Ke5 67.Re8+ Be6 68.Kd3 Ra3+ 69.Kd2 Rh3 70.Ke2 Kd5
71.Kd2 Bf7 72.Re3 Rh2+ 73.Re2 Rh4 74.Re7 Be6 75.Re8 Rh3 76.Ke2 Bf7 77.Re7 Bh5+
78.Kf2 Rf3+ 79.Kg2 Rf6 80.Re3 Bg6 81.Kg3 Be4 82.Ra3 Ke5 83.Ra5+ Bd5 84.Rb5 Rg6+
85.Kf2 Rg2+ 86.Ke3 Ra2 87.Rb8 Ra3+ 88.Kf2 Be4 89.Ke2 Bc6 90.Kd2 Ke4 91.Rb4+ Ke5
92.Rb8 Bd5 93.Rb4 Be4 94.Rb8 Kf4 95.Rf8+ Bf5 96.Rd8 Be6 97.Rd3 Bb3  1/2-1/2

[Event "Manila ol (Men)"]
[Site "Manila"]
[Date "1992.??.??"]
[Round "?"]
[White "Seredenko, Vladimir"]
[Black "Lanka, Zigurds"]
[Result "0-1"]
[WhiteElo "2335"]
[BlackElo "2490"]

1.d4 Nf6 2.Nf3 g6 3.c4 Bg7 4.Nc3 d6 5.e4 O-O 6.Be2 e5 7.O-O Nc6 8.d5 Ne7
9.Ne1 Nd7 10.Nd3 f5 11.Bd2 Kh8 12.f3 f4 13.b4 h5 14.c5 g5 15.g4 hxg4 16.fxg4 Ng6
17.Be1 Rf7 18.Rf3 Bf8 19.Rh3+ Rh7 20.Rxh7+ Kxh7 21.c6 bxc6 22.dxc6 Nf6 23.Nf2 Be6
24.Qc2 Kg7 25.Nd5 Bxd5 26.exd5 Nxd5 27.Qb3 Nf6 28.Nh3 Ng8 29.Bd3 Qf6 30.Bc3 Nh4
31.Be4 Qh6 32.Bb2 Nf6 33.Bc2 Nxg4 34.Kh1 Ng6 35.Rf1 Be7 36.Rf3 Nh4 37.Rf1 Ne3
38.Re1 Nf3 39.Rxe3 fxe3  0-1

[Event "Mar del Plata op"]
[Site "Mar del Plata"]
[Date "1992.??.??"]
[Round "9"]
[White "Restifa, Hector"]
[Black "Cristobal, Ruben"]
[Result "0-1"]
[WhiteElo "2320"]
[BlackElo "2225"]

1.d4 Nf6 2.c4 g6 3.Nc3 Bg7 4.e4 d6 5.Nf3 O-O 6.Be2 e5 7.O-O Nc6 8.d5 Ne7
9.Nd2 Nd7 10.b4 a5 11.bxa5 Rxa5 12.Nb3 Ra8 13.a4 f5 14.Bd2 c6 15.f3 Nf6 16.Be3 Kh8
17.Kh1 c5 18.Nd2 f4 19.Bf2 g5 20.Nb5 Rf7 21.g4 Ng6 22.Kg2 Bf8 23.h3 h5 24.Nc3 Rh7
25.Rb1 Be7 26.Rh1 Qf8 27.Nb5 Bd8 28.Nb3 Bd7 29.Ra1 Nh4+ 30.Kf1 Kg7 31.Qe1 Nxf3
32.Bxf3 hxg4 33.Bd1 g3 34.Bxg3 Bxh3+ 35.Rxh3 Rxh3 36.Bf2 f3 37.Nxd6 Qxd6  0-1

[Event "Capablanca mem-B"]
[Site "Matanzas"]
[Date "1992.??.??"]
[Round "1"]
[White "Oblitas, Carlomagno"]
[Black "Hernandez, Gilberto"]
[Result "0-1"]
[WhiteElo "2425"]
[BlackElo "2495"]

1.d4 Nf6 2.Nf3 g6 3.c4 Bg7 4.Nc3 O-O 5.e4 d6 6.Be2 e5 7.O-O Nc6 8.d5 Ne7
9.b4 Nh5 10.g3 f5 11.Nd2 Nf6 12.f3 h5 13.c5 f4 14.Nc4 g5 15.gxf4 gxf4 16.Kh1 Ng6
17.Rg1 Kh7 18.Bd2 Rg8 19.Be1 h4 20.Rxg6 Kxg6 21.Bxh4 Bf8 22.Rc1 Rg7 23.Qe1 Kh7
24.a4 a6 25.a5 Bd7 26.cxd6 Bxd6 27.Nd1 Qf8 28.Nxd6 cxd6 29.Nb2 Qf7 30.Nc4 Qg6
31.Qf2 Bh3 32.Rg1 Nxe4 33.fxe4 Qxe4+  0-1

[Event "Mlada Boleslav op"]
[Site "Mlada Boleslav"]
[Date "1992.??.??"]
[Round "2"]
[White "Hracek, Zbynek"]
[Black "Walek, Milan"]
[Result "0-1"]
[WhiteElo "2480"]
[BlackElo "2280"]

1.c4 Nf6 2.d4 d6 3.Nc3 g6 4.e4 Bg7 5.Nf3 O-O 6.Be2 e5 7.O-O Nc6 8.Be3 Ng4
9.Bg5 f6 10.Bc1 Nh6 11.dxe5 dxe5 12.Qd5+ Kh8 13.Be3 Qe8 14.h3 Be6 15.Qb5 Rb8
16.Rfd1 Nf7 17.Rd2 f5 18.Bc5 Rg8 19.Re1 b6 20.Ba3 fxe4 21.Nxe4 Nd4 22.Qxe8 Rgxe8
23.Bf1 Rbd8 24.Red1 a5 25.Nfg5 Nxg5 26.Nxg5 Bg8 27.b3 c5 28.Ne4 Be6 29.Re1 Bf5
30.Rd3 Nc2 31.Red1 Rxd3 32.Bxd3 Nxa3 33.g4 Bxe4 34.Bxe4 Rb8 35.g5 Kg8 36.h4 Kf8
37.Rd7 Kg8 38.Kg2 Kh8 39.Kg3 Rf8  0-1

[Event "Mlada Boleslav op"]
[Site "Mlada Boleslav"]
[Date "1992.??.??"]
[Round "7"]
[White "Buturin, Vladimir"]
[Black "Suchorukow, Andrei"]
[Result "0-1"]
[WhiteElo "2415"]
[BlackElo "2300"]

1.d4 Nf6 2.c4 g6 3.Nc3 Bg7 4.e4 d6 5.Be2 O-O 6.Nf3 e5 7.O-O Nc6 8.Be3 Ng4
9.Bg5 f6 10.Bh4 Qe8 11.h3 Nh6 12.dxe5 dxe5 13.c5 Be6 14.Bb5 g5 15.Bg3 Qh5
16.Nh2 Qxd1 17.Rfxd1 Nd4 18.f3 c6 19.Bf1 Rfd8 20.Bf2 Bf8 21.Na4 Kg7 22.b3 Rd7
23.Rac1 Rad8 24.Nb2 Nf7 25.Ng4 b6 26.Bxd4 exd4 27.Nd3 b5 28.Nb4 Rc8 29.Na6 Ne5
30.Nf2 h5 31.Nd3 Kf7 32.Rc2 Rcd8 33.Rcd2 Bh6 34.Nxe5+ fxe5 35.g4 h4 36.Ra1 Bf8
37.Bd3 Rb7 38.Rc2 Bc8 39.a4 bxa4 40.Rxa4 Rxb3 41.Bc4+ Be6 42.Ra1 Bxc4 43.Rxc4 d3
44.Kf1 d2 45.Ke2 Ra3  0-1

[Event "Montevideo ITT"]
[Site "Montevideo"]
[Date "1992.??.??"]
[Round "8"]
[White "Llanos, Guillermo"]
[Black "Rodriguez, A."]
[Result "1-0"]
[WhiteElo "2385"]
[BlackElo "2425"]

1.d4 Nf6 2.c4 g6 3.Nc3 Bg7 4.e4 d6 5.Nf3 O-O 6.Be2 e5 7.O-O Nc6 8.d5 Ne7
9.Ne1 Nd7 10.Nd3 f5 11.Bd2 Kh8 12.b4 Nf6 13.f3 f4 14.g4 g5 15.Kg2 c6 16.a4 Rf7
17.Be1 Ng6 18.dxc6 bxc6 19.b5 d5 20.bxc6 dxe4 21.Nxe5 Qe8 22.Nxf7+ Qxf7 23.fxe4 Be6
24.Rb1 Ne5 25.h3 Bxc4 26.Rb7 Qe8 27.c7 Nfd7 28.Bxc4 Nxc4 29.Rf3 Qc8 30.Qd5 Ncb6
31.Rxb6 Nxb6 32.Qc6 Qa6 33.Nb5 Rf8 34.a5 Rf6 35.Qc5 Nc8 36.Rd3 h6 37.Bc3 f3+
38.Kf2 Qe6 39.Bxf6  1-0

[Event "Moscow Tal mem"]
[Site "Moscow"]
[Date "1992.??.??"]
[Round "?"]
[White "Epishin, Vladimir"]
[Black "Murrey, Jacob"]
[Result "0-1"]
[WhiteElo "2630"]
[BlackElo "2500"]

1.d4 Nf6 2.c4 g6 3.Nc3 Bg7 4.e4 d6 5.Nf3 O-O 6.Be2 e5 7.O-O Nc6 8.d5 Ne7
9.Nd2 a5 10.Rb1 Nd7 11.a3 f5 12.b4 axb4 13.axb4 c5 14.Nb5 Ra6 15.Nb3 cxb4
16.Be3 fxe4 17.c5 Nxc5 18.Nxc5 dxc5 19.Bxc5 e3 20.fxe3 Rxf1+ 21.Bxf1 e4 22.d6 Nc6
23.Qd5+ Kh8 24.Nd4 Ra5 25.Nb3 Ra8 26.Bb5 Bd7 27.Rf1 Qe8 28.Bc4 Ne5 29.Bd4 Bc6
30.Qe6 Qxe6 31.Bxe6 Rd8 32.Nc5 Nd3 33.Nxd3 Bxd4 34.Nxb4 Bxe3+ 35.Kh1 Bb5
36.Rf7 Rxd6 37.Nd5 Rxe6 38.Nxe3 Bc6 39.h4 h5 40.Kh2 Kg8 41.Rc7 Rf6 42.Re7 Kf8
43.Re5 Kf7 44.Kg3 Rd6 45.Kf4 Rd7 46.Ra5 Kf6 47.Ra1 Rf7 48.Kg3 Re7 49.Kf4 Ke6
50.Ra8 Rf7+ 51.Kg3 Rf6 52.Rd8 b5 53.Nc2 Ke5 54.Nb4 e3 55.Rd3 Ke4 56.Rc3 Kd4
57.Rxc6 Rxc6 58.Nxc6+ Kd3 59.Ne5+ Kd2  0-1

[Event "Alekhine op"]
[Site "Moscow"]
[Date "1992.??.??"]
[Round "?"]
[White "Oll, Lembit"]
[Black "Xie Jun"]
[Result "1-0"]
[WhiteElo "2600"]
[BlackElo "2480"]

1.d4 Nf6 2.c4 g6 3.Nc3 Bg7 4.e4 O-O 5.Nf3 d6 6.Be2 e5 7.O-O Nc6 8.d5 Ne7
9.Bg5 h6 10.Bxf6 Bxf6 11.b4 Kg7 12.c5 Ng8 13.Nd2 Be7 14.c6 b6 15.b5 f5 16.a4 Nf6
17.exf5 gxf5 18.a5 Rb8 19.axb6 axb6 20.h3 Ng8 21.Qa4 f4 22.Bd3 f3 23.Qe4 Rf4
24.Qg6+ Kf8 25.g3 Rf7 26.Qh5 Bg5 27.Nde4 Bf5 28.Rfd1 Kg7 29.h4 Be7 30.Nxd6 Qxd6
31.Bxf5 Rbf8 32.Be6 Qb4 33.Ra4 Qxc3 34.Rg4+  1-0

[Event "Moscow Tal mem"]
[Site "Moscow"]
[Date "1992.??.??"]
[Round "?"]
[White "Gurevich, Dmitry"]
[Black "Shchekachev, Andrei"]
[Result "0-1"]
[WhiteElo "2490"]
[BlackElo "2375"]

1.Nf3 g6 2.c4 Bg7 3.Nc3 d6 4.d4 Nf6 5.e4 O-O 6.Be2 e5 7.O-O Nc6 8.d5 Ne7
9.Ne1 Nd7 10.Be3 f5 11.f3 f4 12.Bf2 g5 13.Nb5 b6 14.b4 a6 15.Nc3 Nf6 16.c5 Rb8
17.cxb6 cxb6 18.b5 a5 19.Rc1 Bd7 20.Na4 g4 21.Rc6 Bxc6 22.bxc6 g3 23.hxg3 Nh5
24.gxf4 exf4 25.Qc2 Ng3 26.c7 Nxe2+ 27.Qxe2 Qxc7 28.Qb5 Ng6 29.Nd3 Ne5 30.Nxe5 Bxe5
31.Nxb6 Kh8 32.Rd1 Rg8 33.Qc4 Qd8 34.Qa6 Qg5 35.Qf1 Qh5 36.Rd3 Rg6 37.Nd7 Rh6
38.Bh4 Rb2 39.Nxe5 dxe5 40.Qc1 Qxh4 41.Qc8+ Kg7 42.Qd7+ Kf8 43.Qc8+ Kf7 44.Qd7+ Qe7
45.Qf5+ Ke8  0-1

[Event "Moscow4"]
[Site "Moscow"]
[Date "1992.??.??"]
[Round "?"]
[White "Piesina, Gintautas"]
[Black "Zaitsev, Igor A"]
[Result "0-1"]
[WhiteElo "2415"]
[BlackElo "2425"]

1.d4 Nf6 2.c4 g6 3.Nc3 Bg7 4.e4 d6 5.Nf3 O-O 6.Be2 e5 7.O-O Nc6 8.Be3 Ng4
9.Bg5 f6 10.Bc1 f5 11.d5 Ne7 12.Ng5 Nf6 13.exf5 gxf5 14.f4 Ng6 15.Kh1 Qe7
16.Bh5 Bd7 17.a4 exf4 18.Bxg6 hxg6 19.Re1 Ne4 20.Bxf4 Nf2+ 21.Kg1 Qxg5 22.Bxg5 Nxd1
23.Raxd1 Bxc3 24.bxc3 Bxa4 25.Rb1 b6 26.Re7 Rf7 27.Rxf7 Kxf7 28.Re1 Re8 29.Ra1 Bb3
30.Rxa7 Rc8 31.Kf2 Kf8 32.Ke3 Bxc4 33.Kd4 b5 34.Bh6+ Kg8 35.Ke3 Bxd5 36.g3 Kf7
37.Bf4 Ke6 38.h4 Kd7 39.Ra1 Re8+ 40.Kd2 Re4 41.Re1 Ra4 42.Bg5 Ra2+ 43.Ke3 c5
44.Bf6 Ke6 45.Bh8 Kf7 46.Rd1 Ra8 47.Rxd5 Ke6 48.Rd1 Rxh8 49.Kf4 Ra8 50.Kg5 Ra4
51.Kxg6 Rg4+ 52.Kh6 Rxg3 53.Re1+ Kd5 54.Rd1+ Kc4 55.Rxd6 Rxc3 56.h5 b4 57.Rd1 Rg3
58.Rh1 b3 59.Kh7 b2 60.h6 Rb3 61.Rb1 Kc3 62.Kg6 Rb6+ 63.Kg5 Rxh6  0-1

[Event "Munich op9192"]
[Site "Munich"]
[Date "1992.??.??"]
[Round "1"]
[White "Van Wely, Loek"]
[Black "Lenz, Thomas"]
[Result "1-0"]
[WhiteElo "2475"]
[BlackElo "2270"]

1.d4 Nf6 2.c4 g6 3.Nc3 Bg7 4.e4 d6 5.Nf3 O-O 6.Be2 e5 7.O-O Nc6 8.d5 Ne7
9.b4 Nh5 10.g3 f5 11.Ng5 Nf6 12.f3 c6 13.b5 h6 14.Ne6 Bxe6 15.dxe6 Ne8 16.bxc6 bxc6
17.Ba3 c5 18.Qa4 Nc7 19.Qd7 Qxd7 20.exd7 Nc6 21.Bd1 f4 22.Ba4 Nd4 23.Kg2 Bf6
24.Bc1 g5 25.Bd2 Rfb8 26.Rab1 Bd8 27.h4 Nce6 28.hxg5 hxg5 29.Nd5 Kg7 30.g4 a5
31.a3 Nf8 32.Bc3 Nde6 33.Ba1 Rxb1 34.Rxb1 Ra7 35.Nc3 Nxd7 36.Nb5 Rb7 37.Rd1  1-0

[Event "Munich"]
[Site "Munich"]
[Date "1992.??.??"]
[Round "1"]
[White "Lutz, Christopher"]
[Black "Wahls, Matthias"]
[Result "1-0"]
[WhiteElo "2540"]
[BlackElo "2570"]

1.d4 Nf6 2.c4 g6 3.Nc3 Bg7 4.e4 d6 5.Nf3 O-O 6.Be2 e5 7.O-O Nc6 8.d5 Ne7
9.Ne1 Nd7 10.Bd2 f5 11.Rc1 Nf6 12.f3 c6 13.b4 Kh8 14.Be3 f4 15.Bf2 g5 16.Rc2 cxd5
17.cxd5 Bd7 18.Nb5 Bxb5 19.Bxb5 g4 20.Be2 g3 21.hxg3 Nh5 22.gxf4 exf4 23.Nd3 Ng6
24.Qd2 Qf6 25.Rfc1 Ng3 26.Be1 Nh4 27.Nxf4 Qxf4 28.Qxf4 Nxe2+ 29.Rxe2 Rxf4
30.Bg3 Be5 31.Bxf4 Bxf4 32.Rc7 b5 33.Rec2 Ng6 34.Kf1 a6 35.Rc8+ Rxc8 36.Rxc8+ Kg7
37.Rc6 Ne5 38.Rxd6 Nd3 39.Rxa6 Nxb4 40.Ra5 Bc1 41.Ke2 Kf6 42.Kd1  1-0

[Event "Munich op9192"]
[Site "Munich"]
[Date "1992.??.??"]
[Round "2"]
[White "Gruenberg, Hans Ulrich"]
[Black "Volke, Karsten"]
[Result "1/2-1/2"]
[WhiteElo "2530"]
[BlackElo "2425"]

1.d4 Nf6 2.c4 g6 3.Nc3 Bg7 4.e4 d6 5.Nf3 O-O 6.Be2 e5 7.O-O Nc6 8.d5 Ne7
9.Ne1 Nd7 10.Nd3 f5 11.Bd2 Kh8 12.Rc1 c5 13.dxc6 Nxc6 14.b4 Nf6 15.f3 Be6
16.c5 Bc4 17.Nf2  1/2-1/2